Gestión y externalización de programas sociales: Caso del Fondo de Inversión Social del Paraguay /
Uloženo v:
| Hlavní autor: | |
|---|---|
| Médium: | Text |
| Tagy: |
Přidat tag
Žádné tagy, Buďte první, kdo vytvoří štítek k tomuto záznamu!
|
MARC
| LEADER | 00000 a a2200000 04500 | ||
|---|---|---|---|
| 001 | 16764 | ||
| 003 | |||
| 040 | |||
| 100 | |a Tapia, Leonel | ||
| 245 | |a Gestión y externalización de programas sociales: |b Caso del Fondo de Inversión Social del Paraguay / |c Leonel Tapia | ||
| 773 | |g volumen 36, número 106; páginas 163-177 | ||
| 999 | |c 27101 |d 27101 | ||
